Wenn eine Bibliothek und ein Archiv fusionieren- das Beispiel der WWZ-Bibliothek und des Schweizerischen Wirtschaftsarchivs

Titel: Wenn eine Bibliothek und ein Archiv fusionieren- das Beispiel der WWZ-Bibliothek und des Schweizerischen Wirtschaftsarchivs
Verfasser:
In: Arbido, Band 15, Heft 6 (2000), Seite 15-17
alle Artikel anzeigen
Veröffentlicht: 2000
Format: Aufsatz
Kein Bild verfügbar
X
alg: 44187723
001A    $03036:30-01-19 
001B    $01999:30-01-19 $t23:06:46.000 
001D    $03036:30-01-19 
001U    $0utf8 
001X    $00 
002@    $0Aox    
003@    $0441877230 
007A    $0441877230 $aHEB 
007T    $0ArchMa03349 
011@    $a2000 
021A    $aWenn eine Bibliothek und ein Archiv fusionieren- das Beispiel der WWZ-Bibliothek und des Schweizerischen Wirtschaftsarchivs 
028A    $aGisler $dJohanna 
031A    $d15 $e6 $h15-17 $j2000 
039B    $aIn $8--Abvc--. Arbido. - Bern : Stämpfli, 1995-2016. - ISSN 1420-102X $x200000000150006985 $9048657298 
045T    $a24,1 

lok: 44187723 105

exp: 44187723 105 1 #EPN
201B/01 $030-01-19 $t12:53:14.000 
201C/01 $030-01-19 
201U/01 $0utf8 
203@/01 $01042226113 
208@/01 $a13-12-18 $be 
209A/01 $a/ $f106 $x00 
244Z/01 $aBasel $x01 
245Z/01 $a4.12.02. $bArchivwesen Europas / Schweiz, Liechtenstein / Archive und Archivbestände $x01 
247C/01 $8->Marburg, Bibliographie zum Archivwesen der Archivschule Marburg $939588196X
LEADER 00000caa a22000002c 4500
001 441877230
003 DE-603
005 20190130230646.0
007 tu
008 190130s2000 xx |||| | u00||u|und c
035 |a (DE-599)HEB441877230 
040 |a DE-603  |b ger  |c DE-603  |d DE-603 
084 |a 24,1  |2 ssgn 
100 1 |a Gisler, Johanna 
245 0 0 |a Wenn eine Bibliothek und ein Archiv fusionieren- das Beispiel der WWZ-Bibliothek und des Schweizerischen Wirtschaftsarchivs 
264 0 |c 2000 
773 0 8 |i In  |t Arbido  |d Bern : Stämpfli, 1995-2016  |x 1420-102X  |g Band 15, Heft 6 (2000), Seite 15-17  |w (DE-603)048657298  |w (DE-600)1221449-8 
924 0 |9 -  |a (DE-603)1042226113  |b DE-  |c HES  |d d  |g /